000 00688nam a2200289Ia 4500
005 20260324142444.0
008 008 260324s9999 xx 000 0 eng d
020 _a9780429502910
037 _aEBOOK
040 _aCRL
040 _beng
040 _cCRL
041 _2eng
041 _aeng
084 _qCRL
100 _aCharles R Acland
_91212000
245 0 _aYouth, Murder, Spectacle
245 4 _bThe Cultural Politics Of "Youth In Crisis"
260 _bTaylor and Francis
260 _c1995
365 _a
365 _b230
856 _uhttp://www.taylorfrancis.com/books/9780429502910
942 _cEBOOK
999 _c1816216
_d1816216